000 00870nam a22002537a 4500
005 20220103113351.0
008 220103b ||||| |||| 00| 0 eng d
020 _a8185427968
040 _cAL
041 _aeng
082 _223
_a341.486
_bSURB
245 _aBetween Fear and Hope: Sri Lankan Refugees in Tamil Nadu
260 _aChennai:
_bT R Publications,
_c2000.
300 _axx,116 p.
_bHB
_c22x15 cm.
365 _b200.00
_c
_d200.00
520 _aHighlights the refugee crisis with the need for enactment of a refugee law which reflects humanitarian concerns
650 _aInternational Law
_912254
650 _aSri Lankan Refugees in Tamil Nadu
_912255
650 _aIsland of Refugees
_912256
650 _aRefugee Phenomenon
_912257
650 _aIsland of Refugees
_912256
700 _aSURYANARAYAN (V): SUDARSEN (V)
_912258
942 _2ddc
_cGF
999 _c221042
_d221042